IBM® PC AT user's reference manual / (Record no. 541779)
[ view plain ]
| 000 -LEADER | |
|---|---|
| fixed length control field | 00517cam a2200169 a 4500 |
| 020 ## - INTERNATIONAL STANDARD BOOK NUMBER | |
| International Standard Book Number | 0810463946 (pbk.) |
| 082 00 - DEWEY DECIMAL CLASSIFICATION NUMBER | |
| Classification number | 005.43 |
| Author Mark | HEL |
| -- | D |
| 100 1# - MAIN ENTRY--PERSONAL NAME | |
| Personal name | Held, Gilbert, |
| 9 (RLIN) | 36816 |
| 245 10 - TITLE STATEMENT | |
| Title | IBM® PC AT user's reference manual / |
| Statement of responsibility, etc. | Gilbert Held. |
| 260 ## - PUBLICATION, DISTRIBUTION, ETC. | |
| Place of publication, distribution, etc. | Hasbrouck Heights, N.J. : |
| Name of publisher, distributor, etc. | Hayden Book Co., |
| Date of publication, distribution, etc. | c1985. |
| 300 ## - PHYSICAL DESCRIPTION | |
| Extent | 453 p. : |
| Other physical details | ill. ; |
| Dimensions | 24 cm. |
| 500 ## - GENERAL NOTE | |
| General note | Includes index. |
| 526 ## - STUDY PROGRAM INFORMATION NOTE | |
| Program name | 0 |
| Interest level | 0 |
| Reading level | 0 |
| Title point value | 005_430000000000000_HEL |
| 650 #0 - SUBJECT ADDED ENTRY--TOPICAL TERM | |
| Topical term or geographic name entry element | IBM Personal Computer AT. |
| 9 (RLIN) | 36817 |
| 650 #0 - SUBJECT ADDED ENTRY--TOPICAL TERM | |
| Topical term or geographic name entry element | MCE |
| 9 (RLIN) | 379 |
| 942 ## - ADDED ENTRY ELEMENTS (KOHA) | |
| Source of classification or shelving scheme | |
| Koha item type | Book |
| Withdrawn status | Lost status | Source of classification or shelving scheme | Damaged status | Not for loan | Permanent Location | Current Location | Date acquired | Total Checkouts | Full call number | Barcode | Date last seen | Price effective from | Koha item type |
|---|---|---|---|---|---|---|---|---|---|---|---|---|---|
| Military College of Engineering (MCE) | Military College of Engineering (MCE) | 08/28/2013 | 005.43 HEL | MCE-34650 | 08/28/2013 | 08/28/2013 | Book |
